000
00281 a2200121 4500
001
76697
082
_a
954.9143 RAH
090
_c
39216
_d
39216
100
_a
Dr Anjum Rehmani
245
_a
Murqa-e- Lahore
_h
Urdu
260
_a
Lahore
_b
Khan Book Company
_c
2009
300
_a
432p
942
_a
CAE NUST
_k
954.9143 RAH
999
_c
311770
_d
311770